000 00353pab a2200145 454500
008 180718b2017 xxu||||| |||| 00| 0 eng d
100 _aDhanda, Meena
245 _aCasteism amongst Punjabis in Britain
260 _c2017
300 _ap.62-65.
362 _a21 Jan
650 _aCaste
773 _aEconomic and Political Weekly
909 _a113555
999 _c113549
_d113549